000 00556nam a2200241 a 4500
001 nice12345678
003 IN_TiNIC
005 20260116011353.0
008 050524s1907 kana grp 000 0 per
020 _a
_c100
082 0 0 _a492.75
_bMAG
100 _aMaghfoor, M H
245 _aFosool-E-Akbari
260 _aKanpur
_b
_c1907
300 _a140p
500 _aincludes index and biblioraphy
505 2 _aFour Parts Boun Together
650 _aArabic-Grammar
700 1 _aMaghfoor, M H
902 _bSRS
942 _cBK
999 _c932
_d932